LEADER 01413nam a2200313 a 4500 001 000000171041 003 CaOOAMICUS 005 20181211101124.0 008 181211s2018 it af u000 u ita r 020 $a978-88-266-0084-0* 032 $aLibriCat 040 $aPUL$bita 082 04$a271.7 100 1 $aDotta, Giovenale,$cc.s.i.,$d1956-$0(OLS)http://pul/name/82691 245 10$aLeonardo Murialdo :$bfondazione e sviluppo della congregazione (1866-1900) /$cGiovenale Dotta. 260 $aCittą del Vaticano :$bLibreria editrice vaticana,$c2018. 300 $a500 p., [12] p. di tav. :$bill. ;$c24 cm. 504 $aBibliografia in nota. 600 04$aLeonardus Murialdo,$cs.,$d1828-1900.$0(OLS)http://pul/subject/29323 610 24$aGiuseppini del Murialdo.$0(OLS)http://pul/subject/1919 850 $aPUL 852 $aPUL$W1$xSL Religione 3$y85$m271. 7 DOTGI 1$j194553$qDDC 21$B199602$CPULBib$Z2$F199602 $H131987 $82 941 1 $a9 960 $aMurialdo, Leonardo,$cs.,$d1828-1900$929323 996 $6020$a978-88-266-0084-0*$9(OLS)http://pul/number/165569 996 $6082$a271.7$9(OLS)http://pul/classification/2386 996 $6245$aLeonardo Murialdo :$bfondazione e sviluppo della congregazione (1866-1900)$9(OLS)http://pul/title/211905 996 $6260$aCittą del Vaticano :$bLibreria editrice vaticana$9(OLS)http://pul/publisher/47920 LEADER 01484nam a2200337 a 4500 001 000000127305 003 CaOOAMICUS 005 20120124125811.0 008 120124s2011 it u000 u ita r 020 $z978-88-6512-072-9* 040 $aPUL$bita 082 04$a262.9 100 1 $aCattaneo, Arturo.$0(OLS)http://pul/name/26995 245 10$aFondamenti ecclesiologici del diritto canonico /$cArturo Cattaneo ; con la collaborazione di Costantino-M. Fabris. 260 $aVenezia :$bMarcianum Press,$c©2011. 300 $a258 p. ;$c24 cm 490 1 $aFacoltą di diritto canonico San Pio X. Manuali ;$v6 500 $aInclude indice. 504 $aBibliografia p. 255-258. 650 4$aDiritto canonico.$0(OLS)http://pul/subject/1294 650 4$aEcclesiologia.$0(OLS)http://pul/subject/22628 700 1 $aFabris, Costantino-M.$0(OLS)http://pul/name/76327 830 0$aManuali (Facoltą di diritto canonico San Pio X, Venezia) ;$v6.$0(OLS)http://pul/title/157255 850 $aPUL 852 $aPUL$W1$xSL Diritto Canonico 3$y77$m262. 9 COLL 6.6$j146289$qDDC 21$B145916$CPULBib$Z2$F145916 $H118549 $82 941 1 $a9 996 $6020$z978-88-6512-072-9*$9(OLS)http://pul/number/148643 996 $6082$a262.9$9(OLS)http://pul/classification/369 996 $6245$aFondamenti ecclesiologici del diritto canonico$9(OLS)http://pul/title/160841 996 $6260$aVenezia :$bMarcianum Press$9(OLS)http://pul/publisher/79046